000 00353nam a2200145Ia 4500
008 150201s1985 xx 000 0 und d
082 _a611
_bO1985C
100 _aCHILLINGFORD
245 _aOSTEOLOGY FOR RADIOGRAPHERS
250 _a1ST
260 _bBLACKWELL SCIENCE PUB.
_aEDINBURGH
_c1985
300 _a1-133
650 _aANATOMY
942 _2ddc
_cBK
999 _c3138
_d3138